00289nam a2200097Ia 4500008004100000082001700041100003200058245004900090260003900139300001300178191014s9999 xx 000 0 und d a519.536bDRA aNorman R.Draper Harry Smith 0aAppllied Regression Analysis (Third Edition) aPakistanbNational Books Fundation aXvii,706